Statistics for UEFA Champions League 2019-20 Clubs

Click here to take the quiz!

General Stats

  • This quiz has been taken 39 times
  • The average score is 24 of 32

Answer Stats

Group (Country) Answer % Correct
A (France)PSG
97%
B (England)Tottenham Hotspur
97%
A (Spain)Real Madrid
97%
C (England)Manchester City
97%
E (England)Liverpool
94%
B (Germany)Bayern Munich
94%
F (Spain)FC Barcelona
92%
B (Greece)Olympiacos
92%
D (Italy)Juventus
92%
A (Turkey)Galatasaray
89%
H (England)Chelsea
89%
F (Germany)Borussia Dortmund
89%
F (Italy)Inter Milan
86%
E (Italy)Napoli
86%
G (France)Lyon
83%
H (Spain)Valencia
81%
H (Netherlands)Ajax
81%
D (Spain)Atletico Madrid
75%
C (Croatia)Dinamo Zagreb
72%
H (France)Lille
69%
A (Belgium)Club Brugge
69%
G (Russia)Zenit
67%
G (Portugal)SL Benfica
67%
E (Belgium)Genk
58%
C (Italy)Atalanta
58%
D (Russia)Lokomotiv Moscow
53%
E (Austria)Red Bull Salzburg
53%
F (Czech Republic)Slavia Praha
44%
D (Germany)Bayer Leverkusen
44%
C (Ukraine)Shaktar Donetsk
42%
G (Germany)RB Leipzig
33%
B (Serbia)Crvena Zvezda
25%

Score Distribution

Percentile by Number Answered

Percent of People with Each Score

Your Score History

You have not taken this quiz